| 000 | 01181nam a2200361 i 4500 | ||
|---|---|---|---|
| 001 | 55433 | ||
| 003 | KOSZ 005 | ||
| 005 | 20211217104117.0 | ||
| 008 | 080612s2008 pl f |000 0 pol | ||
| 020 | _a9788324612888 | ||
| 040 |
_cKOSZ 005 _aKOSZ 005 _dKOSZ 005/HR |
||
| 041 | 0 | _apol | |
| 044 | _aPOL | ||
| 046 | _k2008 | ||
| 080 | _a004.43 | ||
| 080 | _a004.655 | ||
| 080 | _a(07) | ||
| 100 | 1 |
_aMatulewski, Jacek _d(1972- ) _eAutor |
|
| 245 | 1 | 0 |
_aVisual C# 2008 : _bprojektowanie aplikacji : pierwsze starcie / _cJacek Matulewski. |
| 260 |
_aGliwice : _bWydawnictwo Helion, _ccop. 2008. |
||
| 300 |
_a277 s. : _bil. ; _c24 cm. |
||
| 380 | _aKsiążki | ||
| 380 | _aPublikacje fachowe | ||
| 388 | _a2001- | ||
| 500 | _aNa s. tyt. i okł.: Czysta przyjemność tworzenia ... projektowanie aplikacjiw przyjaznym środowisku Visual C# 2008. | ||
| 504 | _aIndeks. | ||
| 650 | 4 | _aVisual C#.NET | |
| 655 | 4 | _aPodręcznik | |
| 658 | _aInformatyka i technologie informacyjne | ||
| 710 | 2 |
_aHelion _4pbl. |
|
| 856 |
_uhttp://koha.tu.koszalin.pl/cgi-bin/koha/opac-detail.pl?biblionumber=55433 _yKatalog online BPK |
||
| 942 |
_cKS _2UKD |
||
| 999 |
_c55433 _d55433 |
||